ONLINE PUBLIC ACCESS CATALOG(OPAC)

Kinesiology the skeletal system and muscle function (Record no. 64919)

MARC details
000 -LEADER
fixed length control field 00403nam a2200157Ia 4500
008 - FIXED-LENGTH DATA ELEMENTS--GENERAL INFORMATION
fixed length control field 251222s2023 xx 000 0 und d
020 ## - INTERNATIONAL STANDARD BOOK NUMBER
International Standard Book Number 9780323812764
041 ## - LANGUAGE CODE
Language code of text/sound track or separate title eng
082 ## - DEWEY DECIMAL CLASSIFICATION NUMBER
Classification number 612.76 MUS
100 ## - MAIN ENTRY--PERSONAL NAME
Personal name Muscolino, Josephe R
245 ## - TITLE STATEMENT
Title Kinesiology the skeletal system and muscle function
250 ## - EDITION STATEMENT
Edition statement 4th ed
260 ## - PUBLICATION, DISTRIBUTION, ETC.
Place of publication, distribution, etc. Missouri
Name of publisher, distributor, etc. Elsevier
Date of publication, distribution, etc. 2023
300 ## - PHYSICAL DESCRIPTION
Extent 778p
650 ## - SUBJECT ADDED ENTRY--TOPICAL TERM
Topical term or geographic name entry element Kinesiology
Holdings
Withdrawn status Lost status Damaged status Not for loan Home library Current library Shelving location Date acquired Source of acquisition Cost, normal purchase price Total Checkouts Full call number Barcode Date last seen Price effective from Koha item type
        College of Physiotheraphy College of Physiotheraphy R6S32 27/10/2025 CBS Publishers | CBSP 7638.00   612.76 MUS PT2076 22/12/2025 22/12/2025 Reference

Powered by Koha